| 000 | 00501nam a2200181 a 4500 | ||
|---|---|---|---|
| 020 | _a0803945957 | ||
| 040 | _cDLC | ||
| 082 | 0 | 0 | _a306 SAG 1993 A013 Or. |
| 245 | 0 | 0 |
_aHandbook of adolescent sexuality and pregnancy : _bresearch and evaluation instruments / |
| 300 |
_axii, 278 pages ; _c29 cm |
||
| 650 | 0 | _aTeenage mothers | |
| 650 | 0 | _aTeenage pregnancy | |
| 650 | 0 | _aTeenagers | |
| 650 | 2 | _aPregnancy in Adolescence | |
| 650 | 2 | _aSexual Behavior | |
| 700 | 1 | _aCard, Josefina J | |
| 942 | _cEK | ||
| 999 |
_c12990 _d12990 |
||